书目信息 |
| 题名: |
环境绿化:温馨都市家居
|
|
| 作者: | 罗玉明 , 利建能 , 冯华英 著 | |
| 分册: | ||
| 出版信息: | 广州 广东科技出版社 2000.02 |
|
| 页数: | 92页 | |
| 开本: | 32开 | |
| 丛书名: | ||
| 单 册: | ||
| 中图分类: | TU238 | |
| 科图分类: | ||
| 主题词: | 建筑设计 | |
| 电子资源: | ||
| ISBN: | 7-5359-2353-4 | |
| 000 | 00652nam0 2200217 45 | |
| 001 | 0009111900 | |
| 005 | 20000911195806.2 | |
| 010 | @a7-5359-2353-4@d18.00元 | |
| 100 | @a20000911d2000 km y0chiy0120 ea | |
| 101 | 0 | @achi |
| 105 | @a z 000yy | |
| 200 | 1 | @a环境绿化:温馨都市家居@AHuan Jing Lu Hua:Wen Xin Du Shi Jia Ju@f罗玉明,利建能,冯华英著@FLuo Yu Ming,Li Jian Neng,Feng Hua Ying Zhu |
| 210 | @a广州@c广东科技出版社@d2000.02 | |
| 215 | @a92页@d32开 | |
| 606 | 0 | @a建筑设计 |
| 690 | @aTU238@v3 | |
| 701 | 0 | @a罗玉明@4著 |
| 701 | 0 | @a利建能@4著 |
| 701 | 0 | @a冯华英@4著 |
| 801 | @aCN@bPftUser@c20000911 | |
| 905 | @b136558-577@dTU238@eL543@f20 | |
| 环境绿化:温馨都市家居/罗玉明,利建能,冯华英著.-广州:广东科技出版社,2000.02 |
| 92页;32开 |
| ISBN 7-5359-2353-4:18.00元 |
| ● |
| 相关链接 |
|
|
|
正题名:环境绿化:温馨都市家居
索取号:TU238/L543
 
预约/预借
| 序号 | 登录号 | 条形码 | 馆藏地/架位号 | 状态 | 备注 |
| 1 | 136558 | 201365584 | 自科二线404/404自科库 18排2列3层/ [索取号:TU238/L543] | 在馆 | |
| 2 | 136559 | 201365593 | 自科二线404/404自科库 18排2列3层/ [索取号:TU238/L543] | 在馆 | |
| 3 | 136560 | 201365600 | 建筑库101/ [索取号:TU238/L543] | 在馆 | |
| 4 | 136561 | 201365619 | 建筑库101/ [索取号:TU238/L543] | 在馆 | |
| 5 | 136562 | 201365628 | 自科二线404/404自科库 18排2列3层/ [索取号:TU238/L543] | 在馆 | |
| 6 | 136563 | 201365637 | 自科二线404/404自科库 18排2列3层/ [索取号:TU238/L543] | 在馆 | |
| 7 | 136564 | 201365646 | 建筑库101/101建筑库 49排4列1层/ [索取号:TU238/L543] | 在馆 | |
| 8 | 136565 | 201365655 | 自科二线404/404自科库 18排2列3层/ [索取号:TU238/L543] | 在馆 | |
| 9 | 136566 | 201365664 | 自科二线404/404自科库 18排2列3层/ [索取号:TU238/L543] | 在馆 | |
| 10 | 136567 | 201365673 | 建筑库101/101建筑库 49排4列1层/ [索取号:TU238/L543] | 在馆 | |
| 11 | 136568 | 201365682 | 自科二线404/404自科库 18排2列3层/ [索取号:TU238/L543] | 在馆 | |
| 12 | 136569 | 201365691 | 建筑库101/101建筑库 49排4列1层/ [索取号:TU238/L543] | 在馆 | |
| 13 | 136570 | 201365708 | 建筑库101/101建筑库 49排4列1层/ [索取号:TU238/L543] | 在馆 | |
| 14 | 136571 | 201365717 | 自科二线404/404自科库 18排2列3层/ [索取号:TU238/L543] | 在馆 | |
| 15 | 136572 | 201365726 | 建筑库101/101建筑库 49排4列1层/ [索取号:TU238/L543] | 在馆 | |
| 16 | 136573 | 201365735 | 自科二线404/404自科库 18排2列3层/ [索取号:TU238/L543] | 在馆 | |
| 17 | 136574 | 201365744 | 自科二线404/404自科库 18排2列3层/ [索取号:TU238/L543] | 在馆 | |
| 18 | 136575 | 201365753 | 自科二线404/404自科库 18排2列4层/ [索取号:TU238/L543] | 在馆 | |
| 19 | 136576 | 201365762 | 自科二线404/404自科库 18排2列3层/ [索取号:TU238/L543] | 在馆 | |
| 20 | 136577 | 201365771 | 自科二线404/404自科库 18排2列3层/ [索取号:TU238/L543] | 在馆 |